Представление документа в формате RUSMARC

ПолеНазваниеЗначение
  Тип записи i
  Библиографический уровень m
001 Контрольный номер RU\NLR\BIBL_A\011917884
005 Дата корректировки 20241022093933.1
010 Индекс ISBN __
a ISBN 978-5-9677-2790-0
b Уточнения в кор.
d Цена 201-00
100 Данные общей обработки __
a Данные общей обработки 20190125d2018####ma y0rusa028902 ca
101 Язык документа 0_
a Язык текста rus
102 Страна публикации __
a Страна публикации RU
106 Кодированные данные (форма документа) __
a Кодированные данные для формы документа (Обозначение носителя) s
125 Кодированные данные звукозаписи и нотных изданий __
b Определитель литературного текста с
126 Кодированные данные (звукозаписи-физические характеристики) __
a Кодированные данные звукозаписи (общие) аgbхhхх сd
127 Кодированные данные (звукозаписи-физические характеристики) __
a Продолжительность проигрывания 1318##
135 Кодированные данные (электронные ресурсы) __
a Кодированные данные (электронные ресурсы) hongannnauuuu
139 Кодированные данные (электронные ресурсы) __
a Кодированные данные (электронные ресурсы) caz
181 Поле кодированных данных: вид содержания _0
a Код вида содержания (ISBD) h
182 Поле кодированных данных: тип средства _0
a Код типа средства (ISBD) a
200 Заглавие и сведения об ответственности 1_
a Заглавие Иногда они умирают
f Первые сведения об ответственности Елена Бычкова, Наталья Турчанинова
g Последующие сведения об ответственности исполнитель и звукорежиссер: Вадим Пугачев
e Сведения, относящиеся к заглавию [аудиокнига]
203 Вид содержания и тип средства __
a Вид содержания Устная речь
c Тип средства аудио
210 Выходные данные 1_
a Место издания Москва
c Издательство 1С-Паблишинг
d Дата издания 2018
215 Физическое описание __
a Объем 1 электрон. опт. диск (CD-ROM) (13 ч. 18 мин.)
c Иллюстрации/тип воспроизводства зв.
d Формат 12 см
225 Серия 1_
a Серия 1С: Аудиокниги
225 Серия 1_
a Серия Фэнтези
300 Общие примечания __
a Общие примечания Заглавие с этикетки диска
300 Общие примечания __
a Общие примечания Данные в формате MP3
300 Общие примечания __
a Общие примечания Роман получил российскую литературную премию в области фантастики "Странник" на XVI Конгрессе фантастов России в Санкт-Петербурге в 2013 году.
330 Аннотация __
a Аннотация Далеко за пределами цивилизованного мира лежит легендарная страна Кайлат. Здесь находятся самые высокие в мире горы, живут мудрые, смелые люди и скрываются ответы на все сокровенные тайны жизни. Чтобы узнать их – надо лишь добраться сюда. И выжить.
333 Примечание о целевом назначении __
a Примечание о целевом назначении 12+. Для детей старше 12 лет
337 Примечание о системных требованиях (электронные ресурсы) __
a Примечание о системных требованиях (электронные ресурсы) Системные требования: персональный компьютер ; MS Windows 95/98/2000/XP/Vista/7/8/10 ; Pentium 100 ; ОЗУ 16 Мб ; монитор SVGA, 800x600 ; устройство чтения CD/DVD-ROM ; звуковая карта ; колонки или наушники ; мышь
606 Тематические рубрики __
a Основная рубрика Художественная литература
606 Тематические рубрики __
a Основная рубрика Современная русская литература (произведения)
610 Ключевые слова 0_
a Ключевые слова лауреаты премий
610 Ключевые слова 0_
a Ключевые слова книги-лауреаты
610 Ключевые слова 0_
a Ключевые слова романы
610 Ключевые слова 0_
a Ключевые слова фантастика
610 Ключевые слова 0_
a Ключевые слова мистическая фантастика
610 Ключевые слова 0_
a Ключевые слова социальная фантастика
610 Ключевые слова 0_
a Ключевые слова альтернативная история
610 Ключевые слова 0_
a Ключевые слова тема сверхспособностей
610 Ключевые слова 0_
a Ключевые слова становление героя
610 Ключевые слова 0_
a Ключевые слова отечественная фантастика
610 Ключевые слова 0_
a Ключевые слова фантастические боевики
610 Ключевые слова 0_
a Ключевые слова фэнтези
610 Ключевые слова 0_
a Ключевые слова фэнтези
686 Индексы других классификаций __
a Классификационный индекс 84(2=411.2)6-445я04; ст84(2=411.2)6-445я0
2 Код системы rubbks
700 Автор _1
a Фамилия Бычкова
b Имя Е. А.
g Полное личное имя Елена Александровна
3 Контрольный № нормативной записи RU\NLR\AUTH\7746783
4 Код отношения 070
701 Альтернативная интеллектуальная ответственность _1
a Фамилия Турчанинова
b Имя Н. В.
g Полное личное имя Наталья Владимировна
3 Контрольный № нормативной записи RU\NLR\AUTH\7746775
4 Код отношения 070
702 Вторичная интеллектуальная ответственность _1
a Фамилия Пугачев
b Имя В.
g Полное личное имя Вадим
4 Код отношения 590
4 Код отношения 570
3 Контрольный № нормативной записи RU\NLR\AUTH\770188222
801 Источник записи _0
a Страна RU
b Организация NLR
c Дата составления 20190125
g Правила каталогизации PSBO
801 Источник записи _1
a Страна RU
b Организация NLR
c Дата составления 20190125
2 Код формата rusmarc
g Правила каталогизации PSBO
801 Источник записи _2
a Страна RU
b Организация NLR
c Дата составления 20190215
2 Код формата rusmarc
g Правила каталогизации PSBO
852 Данные о местонахождении __
i Авторский знак Б 95
j Шифр хранения 84(2=411.2)6-445я04
899 Данные о местонахождении __
a Местонахождение ЦБС Сургут
900 Макрообъекты __
a Макрообъекты Иногда они умирают, 2018 г (эл. ресурс)
901 Тип документа __
a Ответственный КиК/Мамарузиева
t Тип документа 0
903 Характеристики (МАРС) __
a Дата передачи 20210208
c Наименование библиотеки (МАРС) Муниципальное бюджетное учреждение культуры "Централизованная библиотечная система" г. Сургут (Центральная городская библиотека им. А. С. Пушкина)
969 Тип издания __
a Тип издания издание для слепых
a Тип издания аудиокнига
990 Данные о заказе (DOS) __
j Количество экземпляров (DOS) 3
t N записи в КСУ для И/У (DOS) 202102